000 00375nam a22001577a 4500
005 20230607174011.0
008 230607b |||||||| |||| 00| 0 eng d
020 _a9781107019690
082 _a681.2
_bHE-W
100 _aHe Hao
245 _aWaveform Design For Active Sensing System
260 _aIndia
_c2012
650 _aEngineering
700 _aHao He
999 _c18643
_d18643